000 00794nas a2200253 4500
001 BR8303715
003 BR-BrBNA
005 20231205085622.0
007 ta
008 230509b bl.|||p| |||| 00| 00por d
040 _aBR-BrBNA
_bpor
_cBiblioteca Nacional de Agricultura
041 _a(Pt)
072 _aF50; F70
100 1 _aGomes, J.I.
111 1 _a4. Congresso Florestal Brasileiro
_cBelo Horizonte, MG (Brazil)
_d10-15 May 1982
245 1 _aA madeira de Cordia goeldiana Huber [freijo-cinza]
650 _aFREIJO-CINZA
650 _aMADEIRA
650 _aANATOMIA VEGETAL
650 _aTAXONOMIA VEGETAL
773 0 _tSilvicultura (Brazil)
_xISSN 0100-3615
_g(Jan-Feb 1983), v. 8(28) p. 802-807
_wBR8303715
909 _a202311
_bLúcia
_c55
_dLúcia Elande
942 _2AGRIS
_n0
_cANA
999 _c112587
_d112587